គោឡើងក / (Record no. 8913)
[ view plain ]
| 000 -LEADER | |
|---|---|
| fixed length control field | 02944nam a22002897a 4500 |
| 001 - CONTROL NUMBER | |
| control field | 8913 |
| 003 - CONTROL NUMBER IDENTIFIER | |
| control field | FISKH |
| 005 - DATE AND TIME OF LATEST TRANSACTION | |
| control field | 20251031105751.0 |
| 008 - FIXED-LENGTH DATA ELEMENTS--GENERAL INFORMATION | |
| fixed length control field | 251031b cb ||||| |||| 00| 0 eng d |
| 020 ## - INTERNATIONAL STANDARD BOOK NUMBER | |
| International Standard Book Number | 9789996389252 |
| 040 ## - CATALOGING SOURCE | |
| Original cataloging agency | FISKH |
| Language of cataloging | khr |
| Transcribing agency | FISKH |
| Modifying agency | FISKH |
| 082 ## - DEWEY DECIMAL CLASSIFICATION NUMBER | |
| Classification number | 398.2 |
| 100 ## - MAIN ENTRY--PERSONAL NAME | |
| Personal name | Anonymous |
| 245 ## - TITLE STATEMENT | |
| Title | គោឡើងក / |
| Statement of responsibility, etc. | By Anonymous |
| 260 ## - PUBLICATION, DISTRIBUTION, ETC. | |
| Place of publication, distribution, etc. | Phnom Penh : |
| Name of publisher, distributor, etc. | ក្រុមហ៊ុន អផ្សុក , |
| Date of publication, distribution, etc. | ២០១៥ . |
| 300 ## - PHYSICAL DESCRIPTION | |
| Extent | 12 pages : |
| Other physical details | color illustrations ; |
| Dimensions | 21 cm. |
| 490 ## - SERIES STATEMENT | |
| Series statement | និទានអប់រំសម្រាប់កុមារ |
| 505 ## - FORMATTED CONTENTS NOTE | |
| Formatted contents note | J <br/> |
| 520 ## - SUMMARY, ETC. | |
| Summary, etc. | មានព្រាហ្មណ៏ក្រីក្រម្នាក់ចិញ្ចឹមគោមួយក្បាលឈ្មោះគោណាន់ធិវិសាល ។ ថ្ងៃមួយគោមានគំនិតចង់សងគុណដល់ព្រាហ្មណ៏ដោយអោយព្រាហ្មណ៏ទៅភ្នាល់ជាមួយសេដ្ឋីដោយដាក់ប្រាក់មួយហឹប ។ ជាអកុសលព្រាហ្មណ៏ចាញ់ការភ្នាល់ ។ គោឃើញម្ចាស់មិនសប្បាយចិត្តក៏លួងម្ចាស់អោយភ្នាល់ម្តងទៀតនឹងសេដ្ឋីម្តងទៀត ។ ការភ្នាល់ម្តងនេះដាក់ប្រាក់២ហឹប ។ ពេលប្រកួតគោបានឭព្រាហ្មណ៏និយាយស្តីពិរោះក៏មានកម្លាំងចិត្តប្រឹងអូសរទេះមួយទំហឹង ហើយក៏អ្នកស្រុកមកលើកទឹកចិត្ត ផងដែរ ទើបគោអាចឈ្នះការប្រកួតបាន ។ |
| 520 ## - SUMMARY, ETC. | |
| Summary, etc. | There once was a poor Brahmin who owned a single ox named Nandhivisala. One day, the ox wished to repay his master’s kindness. He told the Brahmin to make a bet with a wealthy merchant, wagering one heap of money that he, the ox, could pull an enormous cart. Unfortunately, the Brahmin lost the first bet. Seeing that his master was saddened, Nandhivisala comforted him and encouraged him to make another bet with the merchant—this time for two heaps of money. During the second contest, the Brahmin spoke kindly and gently to Nandhivisala. Hearing his master’s pleasant words, the ox felt encouraged and pulled the huge cart with all his strength. The villagers cheered and praised him, and in the end, Nandhivisala won the competition, bringing joy and reward to his master. |
| 521 8# - TARGET AUDIENCE NOTE | |
| Target audience note | 500 <br/> |
| Source | Lexile estimate <br/> |
| 521 8# - TARGET AUDIENCE NOTE | |
| Target audience note | J <br/> |
| Source | Raz-Plus <br/> |
| 650 ## - SUBJECT ADDED ENTRY--TOPICAL TERM | |
| Topical term or geographic name entry element | គោឡើងក |
| Form subdivision | រឿងនិទានកុមារ |
| 650 ## - SUBJECT ADDED ENTRY--TOPICAL TERM | |
| Topical term or geographic name entry element | Cow |
| Form subdivision | Chiildren's Stories |
| 942 ## - ADDED ENTRY ELEMENTS (KOHA) | |
| Source of classification or shelving scheme | Dewey Decimal Classification |
| Koha item type | Khmer Books |
| Suppress in OPAC | No |
| Withdrawn status | Lost status | Source of classification or shelving scheme | Damaged status | Not for loan | Collection | Home library | Current library | Shelving location | Date acquired | Total Checkouts | Full call number | Barcode | Date last seen | Copy number | Price effective from | Koha item type |
|---|---|---|---|---|---|---|---|---|---|---|---|---|---|---|---|---|
| Dewey Decimal Classification | Khmer Language Books / សៀវភៅភាសាខ្មែរ | Footprints International School Library Network Toul Tom Poung Campus | Footprints International School Library Network Toul Tom Poung Campus | TTP Primary Khmer Bookshelves | 10/31/2025 | ANO PZ7 398.2 | 2025-4775 | 10/31/2025 | 1 | 10/31/2025 | Khmer Books | |||||
| Dewey Decimal Classification | Khmer Language Books / សៀវភៅភាសាខ្មែរ | Footprints International School Library Network Toul Tom Poung Campus | Footprints International School Library Network Toul Tom Poung Campus | TTP Primary Khmer Bookshelves | 12/11/2025 | ANO PZ7 398.2 | FIS03968 | 12/11/2025 | 2 | 12/11/2025 | Khmer Books | |||||
| Dewey Decimal Classification | Khmer Language Books / សៀវភៅភាសាខ្មែរ | Footprints International School Library Network Toul Tom Poung Campus | Footprints International School Library Network Toul Tom Poung Campus | TTP Primary Khmer Bookshelves | 12/11/2025 | ANO PZ7 398.2 | FIS05006 | 12/11/2025 | 3 | 12/11/2025 | Khmer Books |
